FOOTBALL - Compos Finale CDM 1998 : France vs Brésil - Statistiques

Statistiques générales
  • Ce quiz a été pris 87 fois
  • Le résultat moyen est 16 sur 29
Statistiques - réponses
Équipe Poste Nom % Correct
France Gardien de but Fabien Barthez
97%
France Milieu offensif central Zinédine Zidane
97%
France Milieu central Emmanuel Petit
93%
France Latéral gauche Bixente Lizarazu
91%
France Latéral droit Lilian Thuram
87%
Brésil Buteur Ronaldo
87%
France Milieu défensif central Didier Deschamps
86%
France Défenseur central Marcel Desailly
83%
France COACH Aimé Jacquet
78%
France Buteur Youri Djorkaeff
74%
Brésil Latéral gauche Roberto Carlos
72%
France Défenseur central Franck Leboeuf
71%
France Buteur Stéphane Guivarc'h
68%
Brésil Latéral droit Cafu
66%
France Remplaçant (Attaquant) Christophe Dugarry
63%
France Milieu central Christian Karembeu
62%
Brésil Milieu offensif Rivaldo
58%
France Remplaçant (Milieu) Patrick Vieira
57%
Brésil Milieu défensif central Dunga
36%
France Remplaçant (Milieu) Alain Boghossian
34%
Brésil Buteur Bebeto
32%
Brésil Gardien de but Cláudio Taffarel
30%
Brésil COACH Mário Zagallo
14%
Brésil Remplaçant (Attaquant) Denílson
13%
Brésil Milieu offensif Leonardo
13%
Brésil Défenseur central Aldair
11%
Brésil Milieu défensif central César Sampaio
11%
Brésil Défenseur central Júnior Baiano
9%
Brésil Remplaçant (Attaquant) Edmundo
4%
Aucun quiz correspondant
Distribution des résultats
% des personnes avec chaque résultat
Percentile par nombre de réponses
Votre historique - résultats
Vous n’avez pas pris ce quiz